| 000 | 00550nam a22001577a 4500 | ||
|---|---|---|---|
| 003 | NUST | ||
| 038 | _aNusrat Nadeem | ||
| 082 | _a200 | ||
| 100 |
_aNisa, Asma _9131628 |
||
| 245 |
_aUnified Protocol for Transdiagnostic Treatment: An Adaptation and Pilot RCT for the Treatment of Depression and Anxiety in Adults/ _cAsma Nisa, |
||
| 264 |
_aIslamabad: _bS3H NUST. _c2025. |
||
| 650 |
_aPhD-Psychology _9127788 |
||
| 700 |
_aSupervisor: Dr.Salma Siddiqui _9123051 |
||
| 856 | _uhttp://10.250.8.41:8080/xmlui/handle/123456789/55881 | ||
| 942 |
_2ddc _cSC |
||
| 999 |
_c615257 _d615257 |
||